[Event "Zhukovsky op"]
[Site "Zhukovsky"]
[Date "2012.04.??"]
[Round "2"]
[White "Epishkin, Vladimir"]
[Black "Kazankov, Andrey"]
[Result "0-1"]
[WhiteElo "1844"]
[BlackElo "2120"]
[PlyCount "82"]
[EventDate "2012.04.??"]
[EventType "swiss"]
[EventRounds "9"]
[EventCountry "RUS"]
[SourceTitle "EXT 2014"]
[Source "ChessBase"]
[SourceDate "2013.11.20"]
[SourceVersion "1"]
[SourceVersionDate "2013.11.20"]
[SourceQuality "1"]

1. f4 Nf6 2. Nf3 g6 3. g3 Bg7 4. Bg2 0-0 5. 0-0 d5 6. d4 c6 7. c3 Bf5 8. Na3 Be4 9. b3 Nbd7 10. Nc2 Ne8 11. a4 c5 12. e3 Nd6 13. Bb2 Nf5 14. Re1 Rc8 15. Na3 Qb6 16. Rc1 f6 17. Nd2 Bxg2 18. Kxg2 e5 19. Nf3 Rfe8 20. dxe5 Qc6 21. Nb5 Ra8 22. g4 a6 23. gxf5 axb5 24. axb5 Qxb5 25. Qxd5+ Kh8 26. fxg6 Nb6 27. Qd1 fxe5 28. c4 Qc6 29. f5 Ra2 30. Rc2 hxg6 31. fxg6 Qxg6+ 32. Kh1 Qe4 33. Rg1 Rf8 34. Rg3 Ra6 35. Qe2 Nd7 36. Kg1 Raf6 37. Rd2 Rxf3 38. Rxf3 Rxf3 39. Rxd7 Rf5 40. Rd5 Rg5+ 41. Kf1 Qh1+ 0-1

[Event "Zhukovsky op"]
[Site "Zhukovsky"]
[Date "2012.04.??"]
[Round "3"]
[White "Kazankov, Andrey"]
[Black "Avetisyan, Aleksey"]
[Result "0-1"]
[WhiteElo "2120"]
[BlackElo "2058"]
[PlyCount "82"]
[EventDate "2012.04.??"]
[EventType "swiss"]
[EventRounds "9"]
[EventCountry "RUS"]
[SourceTitle "EXT 2014"]
[Source "ChessBase"]
[SourceDate "2013.11.20"]
[SourceVersion "1"]
[SourceVersionDate "2013.11.20"]
[SourceQuality "1"]

1. d4 d5 2. Nf3 c6 3. Nbd2 Nf6 4. e3 Bf5 5. c4 e6 6. Nh4 Bg4 7. f3 Bh5 8. g3 g5 9. Ng2 Bg6 10. Qb3 Qb6 11. c5 Qxb3 12. axb3 Nbd7 13. h4 g4 14. Nf4 Bf5 15. Bd3 Bxd3 16. Nxd3 gxf3 17. Nxf3 Rg8 18. Rg1 Ne4 19. g4 Be7 20. Ke2 a6 21. Bd2 f6 22. Raf1 0-0-0 23. Be1 Rg7 24. Nf4 Nf8 25. Rg2 Kd7 26. Nh5 Rg8 27. Rfg1 h6 28. Nf4 Rb8 29. Ba5 Ng6 30. g5 hxg5 31. hxg5 Nxg5 32. Nxg6 Rxg6 33. Rxg5 Rxg5 34. Nxg5 fxg5 35. Rg2 Rh8 36. Be1 Bf6 37. Bg3 Ke7 38. Be5 Bxe5 39. dxe5 Rh5 40. Kd3 Kf7 41. Rg4 Kg6 0-1

[Event "Zhukovsky-A 02"]
[Site "Zhukovsky"]
[Date "2011.02.09"]
[Round "1"]
[White "Kazankov, Andrey"]
[Black "Prishchepa, Regina"]
[Result "1-0"]
[WhiteElo "2095"]
[BlackElo "1783"]
[PlyCount "51"]
[EventDate "2011.02.09"]
[EventType "swiss"]
[EventRounds "9"]
[EventCountry "RUS"]
[SourceTitle "EXT 2022"]
[Source "ChessBase"]
[SourceDate "2021.10.06"]
[SourceVersion "1"]
[SourceVersionDate "2021.10.06"]
[SourceQuality "1"]

1. d4 d5 2. e3 Nf6 3. Bd3 Nbd7 4. f4 e6 5. Nf3 Bd6 6. 0-0 0-0 7. Nbd2 c5 8. c3 Qc7 9. Ne5 a6 10. g4 h6 11. h4 g6 12. g5 hxg5 13. hxg5 Bxe5 14. fxe5 Nh5 15. Kg2 Qd8 16. Qg4 b6 17. Nf3 Bb7 18. Bd2 Qe7 19. Nh4 Kg7 20. Rf6 Ndxf6 21. gxf6+ Nxf6 22. exf6+ Qxf6 23. Rf1 Qe7 24. Nxg6 f5 25. Qg3 Qf7 26. Ne5+ 1-0

[Event "Zhukovsky-A 02"]
[Site "Zhukovsky"]
[Date "2011.02.09"]
[Round "7"]
[White "Kazankov, Andrey"]
[Black "Rybakov, Sergey1111"]
[Result "1/2-1/2"]
[WhiteElo "2095"]
[BlackElo "2180"]
[PlyCount "46"]
[EventDate "2011.02.09"]
[EventType "swiss"]
[EventRounds "9"]
[EventCountry "RUS"]
[SourceTitle "EXT 2022"]
[Source "ChessBase"]
[SourceDate "2021.10.06"]
[SourceVersion "1"]
[SourceVersionDate "2021.10.06"]
[SourceQuality "1"]

1. d4 Nf6 2. c4 c5 3. d5 b5 4. cxb5 a6 5. b6 Qxb6 6. Nc3 g6 7. b3 Bg7 8. Bb2 Bb7 9. Qd2 d6 10. f3 Nbd7 11. e4 0-0 12. Rc1 Rac8 13. Bc4 Rb8 14. Nge2 Ne8 15. Na4 Qa7 16. Bxg7 Kxg7 17. Nf4 Nc7 18. Qa5 Ba8 19. Nd3 Nb6 20. Nxb6 Qxb6 21. Qxb6 Rxb6 22. Ke2 f6 23. a4 a5 1/2-1/2

[Event "Zhukovsky op 05"]
[Site "Zhukovsky"]
[Date "2011.??.??"]
[Round "5"]
[White "Ershov, Aleksey"]
[Black "Kazankov, Andrey"]
[Result "1/2-1/2"]
[WhiteElo "1779"]
[BlackElo "2095"]
[PlyCount "82"]
[EventDate "2011.05.15"]
[EventType "swiss"]
[EventRounds "9"]
[EventCountry "RUS"]
[SourceTitle "EXT 2012"]
[Source "ChessBase"]
[SourceDate "2011.11.24"]
[SourceVersion "1"]
[SourceVersionDate "2011.11.24"]
[SourceQuality "1"]

1. e4 e6 2. d4 d5 3. e5 c5 4. c3 Qb6 5. Nf3 Bd7 6. a3 Nc6 7. b4 c4 8. a4 h6 9. Be2 Nge7 10. Na3 0-0-0 11. a5 Nxa5 12. bxa5 Qa6 13. Bb2 Nc6 14. Nc2 Nxa5 15. Qb1 Qb6 16. Nd2 Nc6 17. Ba3 Qc7 18. Bxf8 Rdxf8 19. Nb4 a5 20. Nc2 f6 21. exf6 gxf6 22. Qb2 e5 23. dxe5 fxe5 24. Ne3 Be6 25. Qb5 Qf7 26. 0-0 Rhg8 27. Kh1 Qg7 28. g3 Bh3 29. Ng2 e4 30. Qc5 Qxc3 31. Qxd5 Rg5 32. Nxe4 Rxd5 33. Nxc3 Rc5 34. Na4 Re5 35. Bxc4 b5 36. Nb6+ Kb7 37. Bxb5 Rxb5 38. Nc4 Rc5 39. Nce3 Nd4 40. Rfb1+ Ka6 41. Nf4 Bd7 1/2-1/2

[Event "Zhukovsky op 05"]
[Site "Zhukovsky"]
[Date "2011.??.??"]
[Round "4"]
[White "Kazankov, Andrey"]
[Black "Fyodorova, Irina"]
[Result "1/2-1/2"]
[WhiteElo "2095"]
[BlackElo "1951"]
[PlyCount "67"]
[EventDate "2011.05.15"]
[EventType "swiss"]
[EventRounds "9"]
[EventCountry "RUS"]
[SourceTitle "EXT 2012"]
[Source "ChessBase"]
[SourceDate "2011.11.24"]
[SourceVersion "1"]
[SourceVersionDate "2011.11.24"]
[SourceQuality "1"]

1. d4 d6 2. e4 Nf6 3. Nc3 g6 4. Bg5 Bg7 5. Qd2 Nbd7 6. Bh6 0-0 7. Be2 e5 8. Bxg7 Kxg7 9. g4 c6 10. g5 Ng8 11. 0-0-0 Qc7 12. h4 a6 13. f4 Nb6 14. Nf3 exf4 15. Qxf4 Qe7 16. h5 Kh8 17. Qg3 Nd7 18. Nh4 Kg7 19. Bc4 b5 20. hxg6 fxg6 21. Nxg6 Kxg6 22. Bxg8 Rxg8 23. Rh6+ Kg7 24. Rxd6 Bb7 25. e5 Kh8 26. Rh1 c5 27. d5 Qxe5 28. Rdh6 Rg7 29. Qh4 Nf8 30. g6 Bxd5 31. Re1 Qf5 32. Rh5 Nxg6 33. Rxf5 Nxh4 34. Rxd5 1/2-1/2

[Event "Zhukovsky op 05"]
[Site "Zhukovsky"]
[Date "2011.??.??"]
[Round "1"]
[White "Shvetzov, Mikhail"]
[Black "Kazankov, Andrey"]
[Result "0-1"]
[WhiteElo "1788"]
[BlackElo "2095"]
[PlyCount "94"]
[EventDate "2011.05.15"]
[EventType "swiss"]
[EventRounds "9"]
[EventCountry "RUS"]
[SourceTitle "EXT 2012"]
[Source "ChessBase"]
[SourceDate "2011.11.24"]
[SourceVersion "1"]
[SourceVersionDate "2011.11.24"]
[SourceQuality "1"]

1. e4 e6 2. d4 d5 3. Nc3 Bb4 4. e5 c5 5. a3 Bxc3+ 6. bxc3 Qa5 7. Bd2 c4 8. Qg4 g6 9. h4 Qa4 10. Kd1 h5 11. Qf4 Nc6 12. Nh3 Nce7 13. Ng5 Nf5 14. g4 hxg4 15. Qxg4 Bd7 16. Nf3 0-0-0 17. Bh3 Kb8 18. Bg5 Rc8 19. Qf4 Qa5 20. Kd2 Qc7 21. Bg4 Ngh6 22. h5 Nxg4 23. Qxg4 gxh5 24. Rxh5 Rhg8 25. Qh3 Qb6 26. Rh7 Be8 27. Qh1 Qa5 28. Qb1 Nxd4 29. Nxd4 Rxg5 30. Nxe6 Rxe5 31. Nd4 Qd8 32. Qg1 Qf6 33. Qg3 Qg5+ 34. Qxg5 Rxg5 35. Rb1 b6 36. Nb5 Bxb5 37. Rxb5 Rf5 38. Ke2 Re8+ 39. Kf1 Re4 40. a4 Ref4 41. Rh2 Rf3 42. a5 Kb7 43. axb6 axb6 44. Rb2 Rxc3 45. Rh6 f6 46. Rh7+ Kc6 47. Rh8 Rcf3 0-1

[Event "Zhukovsky Rating-A 08"]
[Site "Zhukovsky"]
[Date "2009.08.14"]
[Round "5"]
[White "Kazankov, Andrey"]
[Black "Belyaev, Oleg"]
[Result "1-0"]
[WhiteElo "2081"]
[BlackElo "2110"]
[PlyCount "79"]
[EventDate "2009.08.14"]
[EventType "swiss"]
[EventRounds "7"]
[EventCountry "RUS"]
[SourceTitle "EXT 2022"]
[Source "ChessBase"]
[SourceDate "2021.10.06"]
[SourceVersion "1"]
[SourceVersionDate "2021.10.06"]
[SourceQuality "1"]

1. d4 d5 2. e3 Nf6 3. f4 e6 4. Nf3 c5 5. c3 Nc6 6. Bd3 Be7 7. 0-0 0-0 8. Ne5 Bd6 9. Nd2 Qc7 10. g4 g6 11. g5 Nh5 12. Be2 Bxe5 13. fxe5 Ng7 14. Kh1 Nf5 15. Rf3 cxd4 16. exd4 b6 17. Rf4 Kg7 18. Bd3 Rh8 19. Bxf5 exf5 20. Rh4 Qe7 21. Nf3 Ba6 22. Bf4 Qe6 23. Qd2 Rac8 24. Rg1 Na5 25. Ne1 Nc6 26. Qf2 Bc4 27. b3 Ba6 28. Rg3 Ne7 29. Rgh3 b5 30. b4 Bb7 31. Nd3 Nc6 32. Rh6 a5 33. Nc5 Qe7 34. bxa5 Nxa5 35. e6 Nc4 36. Qh4 Rcg8 37. Rxh7+ Rxh7 38. Qxh7+ Kf8 39. Qxf7+ Qxf7 40. exf7 1-0

[Event "Zhukovsky Rating-A 08"]
[Site "Zhukovsky"]
[Date "2009.08.14"]
[Round "1"]
[White "Kazankov, Andrey"]
[Black "Chumurin, Aleksandr"]
[Result "1-0"]
[WhiteElo "2081"]
[BlackElo "1897"]
[PlyCount "77"]
[EventDate "2009.08.14"]
[EventType "swiss"]
[EventRounds "7"]
[EventCountry "RUS"]
[SourceTitle "EXT 2022"]
[Source "ChessBase"]
[SourceDate "2021.10.06"]
[SourceVersion "1"]
[SourceVersionDate "2021.10.06"]
[SourceQuality "1"]

1. d4 d5 2. e3 Nf6 3. Nf3 e6 4. Nbd2 Nc6 5. c4 Bb4 6. a3 Bxd2+ 7. Bxd2 Ne4 8. Bd3 a5 9. 0-0 0-0 10. Qc2 f5 11. b4 Ng5 12. Nxg5 Qxg5 13. cxd5 exd5 14. b5 Ne7 15. Qxc7 Ng6 16. Qg3 Qe7 17. Rfc1 Rf6 18. Bxa5 f4 19. exf4 Bf5 20. Bb4 Qd7 21. Be2 Re8 22. Bf3 Nh8 23. Rc5 Be6 24. f5 Bf7 25. Bg4 Re4 26. Rac1 h5 27. Bxh5 Qxf5 28. Rc8+ Kh7 29. Bxf7 Nxf7 30. Qh3+ Qxh3 31. gxh3 Rg6+ 32. Kf1 Ng5 33. Re1 Nf3 34. Rxe4 dxe4 35. d5 Rg1+ 36. Ke2 Nd4+ 37. Ke3 Nxb5 38. Kxe4 Rg6 39. a4 1-0

[Event "Zhukovsky Rating-A 08"]
[Site "Zhukovsky"]
[Date "2009.08.14"]
[Round "2"]
[White "Vdovin, Dmitry"]
[Black "Kazankov, Andrey"]
[Result "1/2-1/2"]
[WhiteElo "2302"]
[BlackElo "2081"]
[PlyCount "106"]
[EventDate "2009.08.14"]
[EventType "swiss"]
[EventRounds "7"]
[EventCountry "RUS"]
[SourceTitle "EXT 2022"]
[Source "ChessBase"]
[SourceDate "2021.10.06"]
[SourceVersion "1"]
[SourceVersionDate "2021.10.06"]
[SourceQuality "1"]

1. e4 e6 2. d4 d5 3. exd5 exd5 4. Bd3 Bd6 5. Ne2 Ne7 6. 0-0 0-0 7. c3 Bf5 8. Bg5 Bxd3 9. Qxd3 Qd7 10. Nd2 h6 11. Bf4 Nbc6 12. Nf3 Ng6 13. Bxd6 Qxd6 14. Ng3 Rfe8 15. Rfe1 a6 16. Re3 Qd7 17. Rae1 Rxe3 18. Rxe3 Re8 19. Qf5 Re6 20. Qg4 Qe8 21. Nf5 Rxe3 22. Nxe3 Qe6 23. Qxe6 fxe6 24. g3 Kf7 25. Kf1 b6 26. Ke2 Na5 27. Kd3 c5 28. dxc5 bxc5 29. b4 cxb4 30. cxb4 Nc6 31. Kc3 Ke7 32. a4 Kd6 33. b5 axb5 34. axb5 Nge5 35. Nxe5 Nxe5 36. f4 Nf3 37. Kb4 Nxh2 38. f5 e5 39. b6 Nf3 40. b7 Kc7 41. Nxd5+ Kxb7 42. Kc5 Kc8 43. Ne3 Kd7 44. Kd5 Ke7 45. Ke4 Ng5+ 46. Kxe5 Nf7+ 47. Kf4 Ng5 48. Kg4 Kf7 49. Nd5 Nh7 50. Kf4 Ng5 51. Nb6 Nh7 52. Nc4 Ng5 53. g4 Kf6 1/2-1/2

[Event "Zhukovsky op-A 05"]
[Site "Zhukovsky"]
[Date "2009.05.??"]
[Round "5"]
[White "Andreev, Gennadiy"]
[Black "Kazankov, Andrey"]
[Result "1-0"]
[WhiteElo "2090"]
[BlackElo "2081"]
[PlyCount "98"]
[EventDate "2009.05.??"]
[EventType "swiss"]
[EventRounds "9"]
[EventCountry "RUS"]
[SourceTitle "EXT 2012"]
[Source "ChessBase"]
[SourceDate "2011.11.24"]
[SourceVersion "1"]
[SourceVersionDate "2011.11.24"]
[SourceQuality "1"]

1. e4 e6 2. d4 d5 3. Nd2 Nf6 4. e5 Nfd7 5. c3 c5 6. Ngf3 Nc6 7. Be2 Qb6 8. Nb3 c4 9. Nbd2 Be7 10. b3 Qa5 11. Bb2 b5 12. a3 Nb6 13. b4 Qa6 14. Qc2 Bd7 15. h4 h6 16. h5 0-0-0 17. g4 Rdf8 18. Nh4 Bxh4 19. Rxh4 Ne7 20. 0-0-0 f5 21. exf6 gxf6 22. f4 Na4 23. Nf3 Qd6 24. Qd2 Be8 25. Rdh1 Bf7 26. Bd1 Nb6 27. Bc2 Nd7 28. Qe3 Nc6 29. Bg6 e5 30. dxe5 fxe5 31. f5 e4 32. Nd4 Nde5 33. Nxb5 Qb8 34. Nd4 Nd3+ 35. Kb1 Qb6 36. Nc2 Qa6 37. Na1 Nce5 38. Nc2 Kb7 39. Nd4 Qa4 40. g5 Nc6 41. Nxc6 Kxc6 42. Qd4 Nxb2 43. Qc5+ Kb7 44. Bxf7 Rxf7 45. Qxd5+ Kb8 46. Qe5+ Kb7 47. Qd5+ Qc6 48. Qxc6+ Kxc6 49. Kxb2 Rxf5 1-0

[Event "Zhukovsky op-A 05"]
[Site "Zhukovsky"]
[Date "2009.05.??"]
[Round "4"]
[White "Kazankov, Andrey"]
[Black "Bukhteeva, Viktoria"]
[Result "0-1"]
[WhiteElo "2081"]
[BlackElo "2175"]
[PlyCount "66"]
[EventDate "2009.05.??"]
[EventType "swiss"]
[EventRounds "9"]
[EventCountry "RUS"]
[SourceTitle "EXT 2012"]
[Source "ChessBase"]
[SourceDate "2011.11.24"]
[SourceVersion "1"]
[SourceVersionDate "2011.11.24"]
[SourceQuality "1"]

1. f4 d5 2. Nf3 g6 3. e3 Bg7 4. d4 Nf6 5. Bd3 Ne4 6. 0-0 0-0 7. Nbd2 Nd6 8. c3 Nd7 9. g4 Nf6 10. Ne5 Nfe4 11. Qb3 c6 12. Be2 Nxd2 13. Bxd2 f6 14. Nd3 Nc4 15. Qd1 e5 16. b3 Nxd2 17. Qxd2 Re8 18. Rae1 Qd6 19. Bd1 b6 20. Qf2 exd4 21. exd4 Ba6 22. Rxe8+ Rxe8 23. Re1 Re4 24. Nb4 Bb7 25. Rxe4 dxe4 26. Be2 b5 27. Qe3 a5 28. Nc2 f5 29. g5 Bc8 30. Kg2 Be6 31. Kg3 Qb8 32. Qd2 Bf8 33. Ne3 Qxf4+ 0-1

[Event "Zhukovsky op-A 05"]
[Site "Zhukovsky"]
[Date "2009.05.??"]
[Round "3"]
[White "Kazankov, Andrey"]
[Black "Ibragimov, Ali"]
[Result "1/2-1/2"]
[WhiteElo "2081"]
[BlackElo "2094"]
[PlyCount "63"]
[EventDate "2009.05.??"]
[EventType "swiss"]
[EventRounds "9"]
[EventCountry "RUS"]
[SourceTitle "EXT 2012"]
[Source "ChessBase"]
[SourceDate "2011.11.24"]
[SourceVersion "1"]
[SourceVersionDate "2011.11.24"]
[SourceQuality "1"]

1. d4 Nf6 2. Bg5 Ne4 3. Bf4 d5 4. Nd2 g5 5. Be3 Nxd2 6. Bxd2 g4 7. e3 Nc6 8. Bb5 Qd6 9. Ne2 Bg7 10. c4 Bf5 11. Qb3 Be4 12. Nf4 0-0-0 13. c5 Qd7 14. Nd3 Bxd3 15. Qxd3 e5 16. 0-0-0 e4 17. Qa3 a6 18. Ba4 Qe6 19. Qb3 h5 20. Kb1 h4 21. Rhf1 Rh6 22. Rc1 h3 23. g3 Qf5 24. Bxc6 Rxc6 25. Ba5 Qf3 26. Qd1 Qxd1 27. Rfxd1 Rf6 28. Rd2 Re8 29. a4 Kd7 30. Rdc2 Rh8 31. Be1 Rc8 32. b4 1/2-1/2

[Event "Zhukovsky op-A"]
[Site "Zhukovsky"]
[Date "2008.11.28"]
[Round "6"]
[White "Kazankov, Andrey"]
[Black "Shebchenko, Vladimir"]
[Result "1/2-1/2"]
[WhiteElo "2121"]
[BlackElo "1939"]
[PlyCount "77"]
[EventDate "2008.11.28"]
[EventType "swiss"]
[EventRounds "9"]
[EventCountry "RUS"]
[SourceTitle "EXT 2022"]
[Source "ChessBase"]
[SourceDate "2021.10.06"]
[SourceVersion "1"]
[SourceVersionDate "2021.10.06"]
[SourceQuality "1"]

1. d4 Nf6 2. Nf3 g6 3. Bg5 h6 4. Bh4 Bg7 5. Nbd2 0-0 6. e4 d6 7. Bd3 Nc6 8. 0-0 e5 9. d5 Ne7 10. Bxf6 Bxf6 11. c4 Bg7 12. Ne1 f5 13. f3 f4 14. g4 g5 15. b4 c6 16. Qb3 cxd5 17. cxd5 b5 18. a4 Bd7 19. axb5 Bxb5 20. Bxb5 Qb6+ 21. Rf2 Qxb5 22. Qc4 Qb6 23. Ra6 Qb7 24. Rxd6 Rfc8 25. Rc6 Nxc6 26. dxc6+ Qf7 27. b5 Qxc4 28. Nxc4 Rab8 29. Nd6 Rc7 30. Ra2 Bf8 31. Nb7 Rbxb7 32. cxb7 Rxb7 33. Nd3 Bd6 34. Ra6 Rd7 35. Kf2 Kg7 36. Ke2 Kf7 37. Nb2 Kg7 38. Nc4 Bb8 39. b6 1/2-1/2

[Event "Zhukovsky op-A"]
[Site "Zhukovsky"]
[Date "2008.11.28"]
[Round "5"]
[White "Mozgalov, Viktor"]
[Black "Kazankov, Andrey"]
[Result "0-1"]
[WhiteElo "1905"]
[BlackElo "2121"]
[PlyCount "74"]
[EventDate "2008.11.28"]
[EventType "swiss"]
[EventRounds "9"]
[EventCountry "RUS"]
[SourceTitle "EXT 2022"]
[Source "ChessBase"]
[SourceDate "2021.10.06"]
[SourceVersion "1"]
[SourceVersionDate "2021.10.06"]
[SourceQuality "1"]

1. d4 d5 2. c4 c6 3. Nf3 Nf6 4. e3 e6 5. Nc3 dxc4 6. Bxc4 b5 7. Bd3 a6 8. 0-0 c5 9. a4 c4 10. Bc2 b4 11. Ne4 Bb7 12. Nxf6+ gxf6 13. e4 Nd7 14. d5 Nc5 15. Re1 Be7 16. Nd4 b3 17. Bb1 exd5 18. Nf5 dxe4 19. Ng7+ Kf8 20. Qh5 Bd6 21. Bh6 Ke7 22. Nf5+ Ke8 23. Bg7 Rg8 24. Qxh7 Kd7 25. Nxd6 Kxd6 26. Bxe4 Bxe4 27. Rxe4 Nxe4 28. Rd1+ Kc7 29. Rxd8 Raxd8 30. g3 Ng5 31. Qh6 c3 32. Qxf6 Rd1+ 33. Kg2 c2 34. Qe7+ Kc6 35. Be5 c1Q 36. Qc7+ Kd5 37. Qd6+ Ke4 0-1

[Event "Moscow op-B 04th"]
[Site "Moscow"]
[Date "2008.02.05"]
[Round "4"]
[White "Kazankov, Andrey"]
[Black "Tchernyi, Viktor"]
[Result "0-1"]
[WhiteElo "2065"]
[BlackElo "2223"]
[PlyCount "90"]
[EventDate "2008.02.02"]
[EventType "swiss"]
[EventRounds "9"]
[EventCountry "RUS"]
[SourceTitle "CBM 122 Extra"]
[Source "ChessBase"]
[SourceDate "2008.03.04"]
[SourceVersion "1"]
[SourceVersionDate "2008.03.04"]
[SourceQuality "1"]

1. c4 e5 2. Nc3 Nf6 3. Nf3 Nc6 4. g3 Bc5 5. Bg2 d6 6. d3 0-0 7. 0-0 h6 8. a3 a5 9. h3 Re8 10. Nd2 Be6 11. Nde4 Nxe4 12. Nxe4 Bb6 13. Nc3 Qd7 14. Kh2 Ne7 15. Qb3 a4 16. Qc2 d5 17. Rd1 d4 18. Ne4 Nc6 19. f4 exf4 20. Bxf4 f5 21. Nf2 Na5 22. Rg1 g5 23. Bd2 Nb3 24. Raf1 c6 25. Nd1 Bf7 26. Be1 Re7 27. Bf3 Rae8 28. Rg2 Bc7 29. Kh1 Bg6 30. g4 Nc5 31. Bb4 Nb3 32. Bxe7 Rxe7 33. gxf5 Bxf5 34. Bg4 Rf7 35. Bxf5 Rxf5 36. Rxf5 Qxf5 37. Nf2 Nc5 38. Qc1 Ne6 39. Qf1 Kg7 40. Rg1 Nf4 41. Ne4 Kg6 42. Qf3 Qe6 43. Rg3 Nh5 44. Rg2 Nf4 45. Rf2 Nxh3 0-1

[Event "Zhukovsky Elo-B"]
[Site "Zhukovsky"]
[Date "2008.01.04"]
[Round "3"]
[White "Kukushkin, Sergey"]
[Black "Kazankov, Andrey"]
[Result "1/2-1/2"]
[WhiteElo "2099"]
[BlackElo "2068"]
[PlyCount "144"]
[EventDate "2008.01.02"]
[EventType "tourn"]
[EventRounds "9"]
[EventCountry "RUS"]
[SourceTitle "EXT 2010"]
[Source "ChessBase"]
[SourceDate "2010.11.25"]
[SourceVersion "1"]
[SourceVersionDate "2010.11.25"]
[SourceQuality "1"]

1. e4 c5 2. Nf3 Nc6 3. d4 cxd4 4. Nxd4 Nf6 5. Nc3 d6 6. Be3 e6 7. Be2 Be7 8. a3 0-0 9. Qd2 e5 10. Nf3 Ng4 11. 0-0 f5 12. Bg5 Be6 13. Rad1 Nf6 14. exf5 Bxf5 15. Bc4+ Kh8 16. Nh4 Ne4 17. Bxe7 Nxd2 18. Bxd8 Nxc4 19. Nxf5 Raxd8 20. Ne3 Nb6 21. Ncd5 Na4 22. b4 Rc8 23. c3 Rf7 24. Rc1 b5 25. f4 exf4 26. Rxf4 Rxf4 27. Nxf4 Ne5 28. Nfd5 g6 29. Rc2 Kg7 30. Kf2 Nc4 31. Nxc4 Rxc4 32. Ke3 Kf7 33. Kd3 Ke6 34. Ne3 Rc6 35. c4 bxc4+ 36. Nxc4 d5 37. Na5 Rxc2 38. Kxc2 Nb6 39. Kd3 h5 40. b5 Kd6 41. Kd4 Kc7 42. Nb3 Kd6 43. Nc5 Nc4 44. a4 Na5 45. h3 h4 46. Nd3 Nb3+ 47. Kc3 Nc5 48. Nb2 Ne4+ 49. Kd4 Nc5 50. Kc3 g5 51. a5 Ne6 52. Nd3 Kd7 53. Kb4 Kc7 54. Ne5 Nf4 55. Nf3 Nxg2 56. Nxg5 Nf4 57. Kc5 Kb7 58. Nf3 Nxh3 59. Nxh4 Nf4 60. Nf5 Kc7 61. Kd4 Ne2+ 62. Kxd5 Nc3+ 63. Kc4 Ne4 64. Ne3 Nd6+ 65. Kc5 Ne4+ 66. Kb4 Nd6 67. Nd5+ Kb7 68. a6+ Kb8 69. Kc5 Ne4+ 70. Kc6 Ng5 71. b6 Ne6 72. b7 Nd8+ 1/2-1/2

[Event "Zhukovsky op"]
[Site "Zhukovsky"]
[Date "2008.??.??"]
[Round "3"]
[White "Ibragimov, Ali"]
[Black "Kazankov, Andrey"]
[Result "1/2-1/2"]
[WhiteElo "2045"]
[BlackElo "2130"]
[PlyCount "82"]
[EventDate "2008.08.22"]
[EventType "swiss"]
[EventRounds "9"]
[EventCountry "RUS"]
[SourceTitle "CBM 126 Extra"]
[Source "ChessBase"]
[SourceDate "2008.11.05"]
[SourceVersion "1"]
[SourceVersionDate "2008.11.05"]
[SourceQuality "1"]

1. d4 d5 2. c4 c6 3. Nc3 Nf6 4. Nf3 dxc4 5. a4 e6 6. e3 Nbd7 7. Bxc4 Be7 8. 0-0 0-0 9. e4 Nb6 10. Bb3 c5 11. a5 cxd4 12. axb6 dxc3 13. Qxd8 Rxd8 14. Rxa7 Bd7 15. bxc3 Nxe4 16. Ne5 Bb5 17. c4 Ba6 18. Rxa8 Rxa8 19. Be3 Rd8 20. Ra1 Bf6 21. f4 Bxe5 22. fxe5 Rd3 23. Bc2 Rxe3 24. Bxe4 Rxe4 25. c5 Rb4 26. c6 Rxb6 27. Rd1 g5 28. c7 Rc6 29. Rd8+ Kg7 30. c8Q Rxc8 31. Rxc8 Bb5 32. Rc7 Bc6 33. Kf2 h5 34. Rc8 h4 35. g3 hxg3+ 36. Kxg3 Be4 37. Kg4 Kh6 38. Rh8+ Kg7 39. Rc8 Kh6 40. Rh8+ Bh7 41. Rb8 Be4 1/2-1/2

[Event "Zhukovsky Cup"]
[Site "Zhukovsky"]
[Date "2008.??.??"]
[Round "3"]
[White "Kazankov, Andrey"]
[Black "Rybakov, Sergey1111"]
[Result "0-1"]
[WhiteElo "2068"]
[BlackElo "2205"]
[PlyCount "46"]
[EventDate "2008.04.21"]
[EventType "swiss"]
[EventRounds "9"]
[EventCountry "RUS"]
[SourceTitle "EXT 2022"]
[Source "ChessBase"]
[SourceDate "2021.10.06"]
[SourceVersion "1"]
[SourceVersionDate "2021.10.06"]
[SourceQuality "1"]

1. c4 e5 2. Nc3 Nc6 3. g3 f5 4. Bg2 Nf6 5. d3 Bc5 6. Bg5 Bxf2+ 7. Kf1 Bc5 8. Bxf6 Qxf6 9. Nd5 Qd8 10. Nf3 0-0 11. e3 e4 12. Ne1 exd3 13. Nxd3 Be7 14. h4 d6 15. Qb3 Kh8 16. Rd1 Bf6 17. N3f4 Ne5 18. c5 c6 19. Nb4 d5 20. Nh5 Qe8 21. Nxf6 Rxf6 22. Bh3 Qh5 23. Kg2 Qf3+ 0-1

[Event "Zhukovsky op"]
[Site "Zhukovsky"]
[Date "2008.??.??"]
[Round "2"]
[White "Kazankov, Andrey"]
[Black "Zhukovsky, Viacheslav"]
[Result "1/2-1/2"]
[WhiteElo "2130"]
[BlackElo "2074"]
[PlyCount "52"]
[EventDate "2008.08.22"]
[EventType "swiss"]
[EventRounds "9"]
[EventCountry "RUS"]
[SourceTitle "CBM 126 Extra"]
[Source "ChessBase"]
[SourceDate "2008.11.05"]
[SourceVersion "1"]
[SourceVersionDate "2008.11.05"]
[SourceQuality "1"]

1. d4 Nf6 2. c4 c5 3. d5 b5 4. cxb5 a6 5. e3 axb5 6. Bxb5 Qa5+ 7. Nc3 Ne4 8. Qd3 Nd6 9. Bd2 Qb6 10. b3 g6 11. Bc4 Bg7 12. Rb1 Na6 13. Na4 Qb8 14. Bc3 Nb4 15. Qe2 Bxc3+ 16. Nxc3 Nxa2 17. Nxa2 Nxc4 18. Qxc4 Rxa2 19. b4 Ra4 20. Qc3 0-0 21. Qxc5 d6 22. Qd4 Ba6 23. Ne2 Rc8 24. Qd2 Bc4 25. 0-0 Qb7 26. Rfc1 Ra2 1/2-1/2

[Event "Zhukovsky Cup"]
[Site "Zhukovsky"]
[Date "2008.??.??"]
[Round "5"]
[White "Marchukov, Dmitry"]
[Black "Kazankov, Andrey"]
[Result "1/2-1/2"]
[WhiteElo "2083"]
[BlackElo "2068"]
[PlyCount "131"]
[EventDate "2008.04.21"]
[EventType "swiss"]
[EventRounds "9"]
[EventCountry "RUS"]
[SourceTitle "EXT 2022"]
[Source "ChessBase"]
[SourceDate "2021.10.06"]
[SourceVersion "1"]
[SourceVersionDate "2021.10.06"]
[SourceQuality "1"]

1. c4 c6 2. d4 d5 3. Nc3 Nf6 4. Nf3 dxc4 5. e3 b5 6. a4 b4 7. Na2 a5 8. Bxc4 Ba6 9. Qb3 Bxc4 10. Qxc4 Qd5 11. Qd3 Nbd7 12. 0-0 e5 13. e4 Nxe4 14. Rd1 exd4 15. Nxd4 Bc5 16. Be3 Nef6 17. Nb3 Qxd3 18. Rxd3 Be7 19. Rc1 0-0 20. Rd2 Rfc8 21. Rdc2 Ra6 22. Bd4 c5 23. Re1 Bd6 24. Rd1 Be7 25. Re1 Bd8 26. Nac1 Rac6 27. Be3 Bb6 28. Nd2 c4 29. b3 c3 30. Nc4 Re8 31. Nd3 Nd5 32. Bxb6 Rxe1+ 33. Nxe1 N7xb6 34. Nxa5 Re6 35. Kf1 Ne7 36. Re2 Nf5 37. Rxe6 fxe6 38. Nc2 Nd5 39. Nc6 Kf7 40. Ke1 Nf4 41. g4 Nh6 42. f3 Nd3+ 43. Kd1 Nc5 44. N2xb4 Nxb3 45. a5 Nxa5 46. Nxa5 Kf6 47. h4 Ke5 48. Nd3+ Kd4 49. Ke2 Nf7 50. Nb3+ Kc4 51. Nbc1 e5 52. Kd1 Kd4 53. Ke2 e4 54. fxe4 Kxe4 55. Nf2+ Kf4 56. Ncd3+ Kg3 57. h5 g5 58. Nc5 c2 59. Nce4+ Kf4 60. Kd2 Ne5 61. Nf6 h6 62. Kxc2 Kf3 63. N2e4 Nxg4 64. Kd3 Nxf6 65. Nxf6 g4 66. Nxg4 1/2-1/2